Red de transporte del sistema nacional de telecomunicaciones (2001-2006)
Spremljeno u:
| Glavni autor: | |
|---|---|
| Daljnji autori: | , |
| Format: | Knjiga |
| Izdano: |
San José, C.R
1999
|
| Teme: | |
| Oznake: |
Dodaj oznaku
Bez oznaka, Budi prvi tko označuje ovaj zapis!
|
MARC
| LEADER | 00000nam a2200000Ia 4500 | ||
|---|---|---|---|
| 003 | 008420 | ||
| 005 | 20221231144217.0 | ||
| 008 | 140114s1999 cr a m 000 ||s d | ||
| 040 | |c cru CEDI | ||
| 090 | |a TFG 4008 | ||
| 100 | |a Miranda Nieto, Gustavo Adolfo |9 7390 | ||
| 245 | |a Red de transporte del sistema nacional de telecomunicaciones (2001-2006) | ||
| 260 | |c 1999 |a San José, C.R | ||
| 300 | |a xiii, 132 hojas : ilustraciones (algunas a color), 2 planos plegables | ||
| 500 | |a Proyecto de graduación (licenciatura en ingeniería eléctrica)--Universidad de Costa Rica. Facultad de Ingeniería. Escuela de Ingeniería Eléctrica | ||
| 650 | |x TELECOMUNICACIONES - INNOVACIONES TECNOLOGICAS |x FIBRA OPTICA |x COMUNICACIONES OPTICAS - DISEÑO Y CONSTRUCCION |9 8674 | ||
| 700 | |9 8672 |a Sáenz Fernández, Mario E | ||
| 700 | |9 8673 |a Sánchez Pacheco, Roberto | ||
| 942 | |c TFG | ||
| 999 | |c 18489 |d 18489 | ||
